Miasta w Czarnogórze - nagła śmierć - Statystyki

Ogólne statystyki
  • Ten quiz został rozwiązany 69 razy
  • Średni wynik to 6 z 12
Answers on the Grid
Answers color-coded by a green-red scale on the quiz's grid according to % correct below.
Podgorica
Nikšić
Herceg Novi
Pljevlja
Cetynia
Budva
Bar
Bijelo Polje
Berane
Ulcinj
Rožaje
Tivat
Rijeka
Pula
Slavonski Brod
Prizren
Mitrowica
Novi Pazar
 
Statystyki odpowiedzi
Odpowiedź % Poprawnych
Podgorica
87%
Budva
72%
Bar
63%
Nikšić
56%
Bijelo Polje
48%
Ulcinj
48%
Herceg Novi
46%
Tivat
46%
Cetynia
44%
Pljevlja
44%
Rožaje
37%
Berane
20%
Nie znaleziono quizów pasujących do podanych kryteriów
Rozkład punktacji
Procent ludzi z każdym wynikiem
Percentyl według liczby udzielonych odpowiedzi
Twoja historia wyników
Nie rozwiązałeś tego quizu